000 01017nac a22002537a 4500
001 BR5100044
003 BR-BrBNA
005 20240105112856.0
008 230509b bl.|||m| |||| 00| 0 por d
040 _aBR-BrBNA
_bpor
_cBiblioteca Nacional de Agricultura
072 _aE15; E50
090 _aE15 BR5100044
110 1 _aSecretaria de Estado dos Negocios da Agricultura de Sao Paulo, Sao Paulo (Brasil). Depto. de Assistencia ao Cooperativismo
_98939
245 1 _aOs realizadores. Sistemas cooperativos - os pioneiros de Rochdale - Funcionamento e estrutura de seu sistema
260 3 _aSao Paulo, SP (Brasil):
_cJan 1951.
300 _a31 p.
490 _aPublicacao - Secretaria de Estado dos Negocios da Agricultura de Sao Paulo. Depto. de Assistencia ao Cooperativismo (Brazil)
_vno. 182
_x
650 _aMicroeconomia
650 _aSociologia rural
650 _aCooperativa
650 _aDesenvolvimento cooperativista
909 _a202312
_bLúcia Elande
_c55
_dLúcia Elande
942 _2AGRIS
_n0
_cMS
999 _c260721
_d260721